| 000 | 01012nam0a2200289 4500 | ||
|---|---|---|---|
| 001 | RU\NLR\bibl\1181676 | ||
| 005 | 20260405191612.0 | ||
| 010 |
_a978-5-373-01660-5 _93000 |
||
| 021 |
_aRU _b2007-85917 _94637 |
||
| 035 | _a(NLR Aleph) 001168278 | ||
| 090 |
_a1581006 _c1581006 |
||
| 100 | _a20080130d2007 |||y0rusy50 ca | ||
| 101 | 0 | _arus | |
| 102 | _aRU | ||
| 105 | _aa ||||||||| | ||
| 200 | 1 |
_aСтраны мира _eэнциклопедия _f[науч. ред.: д.г.н. Д.И. Люри] |
|
| 210 |
_aМосква _cОЛМА Медиагрупп _d2007 |
||
| 215 |
_a638, [1] с. _cцв. ил., портр., карт. _d26 |
||
| 607 |
_aСтраны мира _jЭнциклопедии _92178478 _3RU\NLR\auth\661310190 |
||
| 686 | _aД890(0)я20 | ||
| 686 | _aТ3(0)63я20 | ||
| 702 | 1 |
_4340 _8rus _7ca _aЛюри _bД. И. _gДмитрий Игоревич _3RU\NLR\auth\7783611 _966539 |
|
| 801 | 0 |
_aRU _bNLR _c20080130 _gRCR |
|
| 801 | 1 |
_aRU _bNLR _c20080130 |
|
| 942 | _cBOOK | ||
| 980 | _aNB | ||